000 00414nam a2200169ia 4500
020 _a0394337360
040 _cDLC
082 0 _a574 RAN 1987 A031 Or.
100 1 0 _aWalbot, Virginia
245 1 0 _aDevelopmental biology /
250 _a1st ed
260 0 _aNew York :
_bRandom House,
_cc1987
300 _axxx, 731 p. :
_bill. ;
_c29 cm
650 0 _aDevelopmental biology
700 1 0 _aHolder, N.
942 _cEK
999 _c11955
_d11955